000 00716cam a22002533a 4500
001 32706
003 PGUSA
005 20140828083716.0
008 100606s2010||||xxu|||||s|||||000 1 eng d
040 _aPGUSA
_beng
042 _adc
050 4 _aPS
100 1 _aSmith, E. E.
_q(Edward Elmer),
_d1890-1965
245 1 0 _aTriplanetary
_h[electronic resource] /
_cE. E. Smith
260 _bProject Gutenberg,
_c2010
506 _aPublic domain in the USA.
516 _aElectronic text
653 _aHuman-alien encounters -- Fiction
653 _aScience fiction
653 _aSpace warfare -- Fiction
830 0 _aProject Gutenberg
_v32706
856 4 0 _uhttp://www.gutenberg.org/ebooks/32706
942 _cEB
999 _c261961
_d261961